NAIADES - záchrana vodnej dopravy SR ?
NAIADES - Integrovaný akčný a rozvojový program pre plavbu a vnútrozemské vodné cesty v Európe. Päť súčastí programu NAIADES - trh, ľodstvo, pracovníci, informovanosť verejnosti, infraštruktúra. Program vychádza z dôsledného posúdenia a rozsiahlych konzultácií medzi členskými štátmi a predstaviteľmi...
Saved in:
| Main Author: | |
|---|---|
| Other Authors: | |
| Format: | Book Chapter |
| Language: | Slovak |
| Subjects: | |
| Tags: |
No Tags, Be the first to tag this record!
|
MARC
| LEADER | 00000naa$a2200000$$$4500 | ||
|---|---|---|---|
| 001 | 0051669 | ||
| 005 | 20230825090529.8 | ||
| 041 | 0 | |a slo | |
| 044 | |a SK | ||
| 245 | 1 | 0 | |a NAIADES - záchrana vodnej dopravy SR ? |c Jaromír Klepoch, Pavel Žarnay |
| 520 | |a NAIADES - Integrovaný akčný a rozvojový program pre plavbu a vnútrozemské vodné cesty v Európe. Päť súčastí programu NAIADES - trh, ľodstvo, pracovníci, informovanosť verejnosti, infraštruktúra. Program vychádza z dôsledného posúdenia a rozsiahlych konzultácií medzi členskými štátmi a predstaviteľmi priemyslu. Súčasťou programu sú odporúčania ďalšieho pôsobenia, ktoré majú vykonať členské štáty spolu s Európskym spoločenstvom a ďalšími zúčastnenými stranami v období rokov 2006-2018. Program je potrebné uskutočňovať v úzkej spolupráci vnútroštátnej a regionálnej správy s priemyselnými odvetviami a európskymi komisiami plavby a vodných ciest. | ||
| 610 | 2 | 0 | |a doprava vodná |
| 610 | 2 | 0 | |a cesty vodné |
| 610 | 2 | 0 | |a Slovensko |
| 610 | 2 | 0 | |a Európska únia |
| 610 | 2 | 0 | |a programy rozvojové |
| 610 | 2 | 0 | |a programy komplexné dlhodobé |
| 100 | 1 | |a Klepoch, Jaromír | |
| 700 | 1 | |a Žarnay, Pavel | |